[Event "Superliga 2011 M"]
[Site "Brasov"]
[Date "2011.10.12"]
[Round "5.5"]
[White "Posedaru, Bogdan"]
[Black "Balla, Tamas-Kristof"]
[Result "1/2-1/2"]
[WhiteElo "2322"]
[BlackElo "2378"]
[PlyCount "37"]
[EventDate "2011.10.08"]

1. d4 Nf6 2. c4 g6 3. Nc3 Bg7 4. e4 d6 5. f3 O-O 6. Be3 Nfd7 7. Nh3 c5 8. d5
Qa5 9. Qd2 a6 10. Bh6 b5 11. cxb5 axb5 12. Bxg7 Kxg7 13. Bxb5 Ba6 14. Bxa6 Nxa6
15. Nf2 Rfb8 16. Ng4 Qb4 17. Rb1 Nc7 18. O-O Nb5 19. a3 1/2-1/2

[Event "Superliga 2011 M"]
[Site "Brasov"]
[Date "2011.10.12"]
[Round "5.5"]
[White "Miroiu, George-Catalin"]
[Black "Bach, Adrian-Kalman"]
[Result "1-0"]
[WhiteElo "2281"]
[BlackElo "2270"]
[PlyCount "67"]
[EventDate "2011.10.08"]

1. d4 Nf6 2. Nf3 e6 3. c4 c5 4. Nc3 cxd4 5. Nxd4 a6 6. e4 d6 7. Be2 Nbd7 8. Be3
b6 9. O-O Bb7 10. f3 Be7 11. Qd2 O-O 12. g4 h6 13. Rfd1 Rc8 14. Rac1 Re8 15.
Bf1 Ne5 16. Na4 d5 17. cxd5 exd5 18. Rxc8 Bxc8 19. Bf4 Nxf3+ 20. Nxf3 Bxg4 21.
Qg2 b5 22. e5 Bxf3 23. Qxf3 bxa4 24. exf6 Bxf6 25. Rxd5 Qb6+ 26. Qf2 Qe6 27.
Qg2 Bxb2 28. h3 a3 29. Kh2 Qf6 30. Bg3 Rc8 31. Bd3 g6 32. Qe4 Rc1 33. Qe8+ Kh7
34. Rd7 1-0

[Event "Superliga 2011 M"]
[Site "Brasov"]
[Date "2011.10.12"]
[Round "5.5"]
[White "Bida, Mihai-Eugen"]
[Black "Baciu, Stefan"]
[Result "1/2-1/2"]
[WhiteElo "2141"]
[BlackElo "2217"]
[PlyCount "33"]
[EventDate "2011.10.08"]

1. e4 c5 2. Nf3 Nc6 3. Bb5 d6 4. d4 cxd4 5. Nxd4 Bd7 6. Nc3 g6 7. Be3 Bg7 8.
Qd2 Nf6 9. f3 O-O 10. O-O-O Nxd4 11. Bxd4 Nxe4 12. Nxe4 Bxb5 13. Qc3 Bxd4 14.
Qxd4 f5 15. Qd5+ Kg7 16. Nxd6 Bc6 17. Qd4+ 1/2-1/2

[Event "Superliga 2011 M"]
[Site "Brasov/Rumania"]
[Date "2011.10.13"]
[Round "6.1"]
[White "Mastrovasilis, Dimitrios"]
[Black "Jianu, Vlad-Cristian"]
[Result "1/2-1/2"]
[WhiteElo "2607"]
[BlackElo "2502"]
[PlyCount "129"]
[EventDate "2011.??.??"]
[TimeControl "40/5400+30:1800+30"]

1. e4 c5 2. Nf3 d6 3. Bb5+ Bd7 4. Bxd7+ Qxd7 5. O-O Nf6 6. Qe2 Nc6 7. c3 e6 8.
d4 cxd4 9. cxd4 d5 10. e5 Ne4 11. Be3 Be7 12. Ne1 f6 13. f3 Ng5 14. Nd3 O-O 15.
Nd2 Rac8 16. Rac1 b6 17. Bf2 Nb4 18. Nxb4 Bxb4 19. exf6 gxf6 20. Rfd1 Rxc1 21.
Rxc1 Rc8 22. Rxc8+ Qxc8 23. Nf1 Nf7 24. g4 Be7 25. Ng3 Nd6 26. Kg2 Kf7 27. Qd3
Kg8 28. Nh5 Ne8 29. b3 Ng7 30. Nf4 Bd6 31. Bg3 Qc7 32. Ne2 Bxg3 33. hxg3 f5 34.
g5 Nh5 35. Qc3 Qd7 36. Qe3 Qd6 37. Qc1 Qd7 38. Qe3 Kf7 39. Qe5 Qd8 40. Nf4
Nxf4+ 41. gxf4 Qc8 42. Kg3 Ke7 43. Qf6+ Kd7 44. Qf7+ Kd6 45. Qxa7 Qc1 46. Qxb6+
Kd7 47. Qb5+ Kd8 48. Qe2 Qg1+ 49. Kh3 Qh1+ 50. Kg3 Qg1+ 51. Qg2 Qxd4 52. a4 Qd1
53. Qf2 Qxb3 54. Qd4 Kd7 55. Qa7+ Kd6 56. Qxh7 Qxa4 57. g6 Qd4 58. Qh6 Qf6 59.
Qh7 Qd4 60. Qh6 Qf6 61. Qh7 Qd4 62. Qf7 Qe3 63. Kh4 Qxf4+ 64. Kh5 Qxf3+ 65. Kh6
1/2-1/2

[Event "Superliga 2011 M"]
[Site "Brasov/Rumania"]
[Date "2011.10.13"]
[Round "6.1"]
[White "Filip, Lucian"]
[Black "Svetushkin, Dmitry"]
[Result "0-1"]
[WhiteElo "2483"]
[BlackElo "2594"]
[PlyCount "94"]
[EventDate "2011.??.??"]
[TimeControl "40/5400+30:1800+30"]

1. Nf3 d5 2. d4 Nf6 3. c4 c6 4. Nc3 e6 5. g3 Nbd7 6. Bg2 dxc4 7. O-O b5 8. Ne5
Nxe5 9. dxe5 Nd5 10. Ne4 Bb7 11. Nd6+ Bxd6 12. exd6 f5 13. e4 fxe4 14. Qg4 Qd7
15. Qh5+ g6 16. Qh4 O-O 17. Bxe4 Qxd6 18. Bh6 Rf7 19. Rae1 e5 20. Re2 Nb4 21.
Rd2 Nd5 22. Re2 Re8 23. Rd1 Qe6 24. Rde1 Nb4 25. a3 Nd5 26. Bg2 Qf6 27. Qxf6
Rxf6 28. f4 Rf7 29. Rxe5 Rxe5 30. Rxe5 Rc7 31. Bh3 Nf6 32. g4 Bc8 33. f5 Kf7
34. Bf4 gxf5 35. gxf5 Re7 36. Rxe7+ Kxe7 37. Kf2 Nd5 38. Be5 Kf7 39. Kf3 a5 40.
Ke4 b4 41. axb4 axb4 42. Bf1 Bxf5+ 43. Kxf5 Ne3+ 44. Ke4 Nxf1 45. Bd6 c3 46.
bxc3 b3 47. Kd3 b2 0-1

[Event "Superliga 2011 M"]
[Site "Brasov/Rumania"]
[Date "2011.10.13"]
[Round "6.1"]
[White "Mateuta, Gabriel"]
[Black "Balla, Tamas-Kristof"]
[Result "1-0"]
[WhiteElo "2507"]
[BlackElo "2378"]
[PlyCount "53"]
[EventDate "2011.??.??"]
[TimeControl "40/5400+30:1800+30"]

1. d4 g6 2. e4 Bg7 3. Nf3 d6 4. c3 Nd7 5. Bd3 e5 6. O-O Ne7 7. Nbd2 c6 8. Nc4
Qc7 9. dxe5 Nxe5 10. Nfxe5 dxe5 11. f4 b5 12. Nxe5 Bxe5 13. fxe5 Qxe5 14. Qf3
Qe6 15. Be3 O-O 16. Bc5 a5 17. Bc2 a4 18. Rad1 Ba6 19. Qf6 Rae8 20. Qxe6 fxe6
21. Rxf8+ Kxf8 22. Rd7 e5 23. b3 axb3 24. Bxb3 Bc8 25. Rc7 Bg4 26. Kf2 g5 27.
a4 1-0

[Event "Superliga 2011 M"]
[Site "Brasov/Rumania"]
[Date "2011.10.13"]
[Round "6.1"]
[White "Vasilescu, Lucian-Mihail"]
[Black "Danilov, Vladimir"]
[Result "0-1"]
[WhiteElo "2295"]
[BlackElo "2441"]
[PlyCount "68"]
[EventDate "2011.??.??"]
[TimeControl "40/5400+30:1800+30"]

1. c4 Nf6 2. g3 g6 3. Bg2 d5 4. cxd5 Nxd5 5. Nc3 Nxc3 6. bxc3 Bg7 7. Nf3 O-O 8.
O-O c5 9. Rb1 Nc6 10. Qa4 Qc7 11. Qh4 Rd8 12. d3 b6 13. c4 Bb7 14. Bf4 e5 15.
Bg5 Rd6 16. Bh6 f6 17. Bxg7 Kxg7 18. Rb2 Re8 19. g4 e4 20. Ne1 exd3 21. Nxd3
Nd4 22. Nc1 Bxg2 23. Kxg2 Qc6+ 24. f3 Qa4 25. Qg3 Rd7 26. e4 Qxc4 27. Rd1 Red8
28. Rbd2 Qe6 29. Qf4 g5 30. Qe3 Nc6 31. Ne2 Ne5 32. Ng3 Rxd2+ 33. Rxd2 Nc4 34.
Nf5+ Qxf5 0-1

[Event "Superliga 2011 M"]
[Site "Brasov/Rumania"]
[Date "2011.10.13"]
[Round "6.1"]
[White "Ungureanu, Vlad"]
[Black "Bach, Adrian-Kalman"]
[Result "1-0"]
[WhiteElo "2376"]
[BlackElo "2270"]
[PlyCount "125"]
[EventDate "2011.??.??"]
[TimeControl "40/5400+30:1800+30"]

1. d4 Nf6 2. Nf3 g6 3. c4 Bg7 4. Nc3 O-O 5. e4 d6 6. Be2 e5 7. O-O Nc6 8. d5
Ne7 9. Ne1 Nd7 10. Nd3 f5 11. Bd2 Nf6 12. f3 c6 13. b4 cxd5 14. cxd5 h5 15. Nf2
Nh7 16. Rc1 a6 17. a4 Bd7 18. a5 b5 19. axb6 Qxb6 20. Na4 Qa7 21. Nb2 fxe4 22.
fxe4 Bb5 23. Nc4 Bxc4 24. Rxc4 Bf6 25. Qb3 Bg5 26. Bxg5 Nxg5 27. Qg3 Nh7 28.
Kh1 Kh8 29. Nd3 a5 30. Rxf8+ Rxf8 31. bxa5 Qxa5 32. Qe3 Rb8 33. h3 Kg7 34. Kh2
Nf6 35. Qc1 Rb7 36. Bd1 h4 37. Bf3 Qa2 38. Rc7 Qa7 39. Rxb7 Qxb7 40. Qg5 Qc7
41. Nf2 Neg8 42. Qxh4 Qc1 43. Qg3 Qe3 44. Bd1 Qd4 45. Bf3 Kf7 46. Be2 Nxe4 47.
Nxe4 Qxe4 48. Bd3 Qxd5 49. Bxg6+ Kf6 50. Bh7 Ne7 51. h4 e4 52. Qf4+ Kg7 53.
Bxe4 Qe5 54. Kg3 Qc3+ 55. Kg4 Qc8+ 56. Bf5 Nxf5 57. Qxf5 Qc4+ 58. Qf4 Qe6+ 59.
Kf3 Qb3+ 60. Qe3 Qf7+ 61. Kg4 Qc4+ 62. Kg3 d5 63. Qg5+ 1-0

[Event "Superliga 2011 M"]
[Site "Brasov/Rumania"]
[Date "2011.10.13"]
[Round "6.1"]
[White "Bida, Mihai-Eugen"]
[Black "Chifor, Ovidiu-Emanuel"]
[Result "1/2-1/2"]
[WhiteElo "2141"]
[BlackElo "2256"]
[PlyCount "53"]
[EventDate "2011.??.??"]
[TimeControl "40/5400+30:1800+30"]

1. e4 e5 2. Nf3 Nc6 3. Bb5 a6 4. Ba4 Nf6 5. O-O Be7 6. d3 b5 7. Bb3 d6 8. c3
Na5 9. Bc2 c5 10. Re1 O-O 11. Nbd2 Nd7 12. Nf1 Nb6 13. Ne3 Nc6 14. a4 Nxa4 15.
Bxa4 bxa4 16. Rxa4 Bd7 17. Nd5 Re8 18. Ra3 Be6 19. Qa4 Bd7 20. Qc4 a5 21. Qa2
Qb8 22. Ng5 Bxg5 23. Bxg5 Be6 24. Bd2 Qb7 25. Ra1 Rab8 26. b3 h6 27. f3 1/2-1/2

[Event "Superliga 2011 M"]
[Site "Brasov/Rumania"]
[Date "2011.10.13"]
[Round "6.2"]
[White "Parligras, Mircea-Emilian"]
[Black "Milu, Romeo-Sorin"]
[Result "1/2-1/2"]
[WhiteElo "2625"]
[BlackElo "2421"]
[PlyCount "53"]
[EventDate "2011.??.??"]
[TimeControl "40/5400+30:1800+30"]

1. d4 Nf6 2. c4 c5 3. d5 b5 4. Nf3 Bb7 5. Qc2 bxc4 6. e4 e6 7. Bxc4 exd5 8.
exd5 d6 9. Nc3 Be7 10. O-O O-O 11. Re1 Nbd7 12. b3 a6 13. Bf4 Nb6 14. Qd3 Bc8
15. h3 Ra7 16. Re2 Nh5 17. Bd2 f5 18. Rae1 Bf6 19. Nh2 Bg5 20. Bxg5 Qxg5 21.
Nf3 Qf6 22. Qd2 Nxc4 23. bxc4 h6 24. Rb1 g5 25. Qe1 Nf4 26. Re8 Raf7 27. Rb3
1/2-1/2

[Event "Superliga 2011 M"]
[Site "Brasov/Rumania"]
[Date "2011.10.13"]
[Round "6.2"]
[White "Mosnegutu, Klauss"]
[Black "Lupulescu, Constantin"]
[Result "1/2-1/2"]
[WhiteElo "2240"]
[BlackElo "2655"]
[PlyCount "240"]
[EventDate "2011.??.??"]
[TimeControl "40/5400+30:1800+30"]

1. c4 e5 2. Nc3 Nc6 3. g3 f5 4. Bg2 Nf6 5. d3 Bb4 6. Bd2 O-O 7. Nd5 Bxd2+ 8.
Qxd2 d6 9. e3 e4 10. Nxf6+ Qxf6 11. d4 Nd8 12. Ne2 Nf7 13. h4 Nh6 14. Nf4 Be6
15. Bf1 Bf7 16. Be2 c6 17. b3 Qe7 18. Qc3 a5 19. a3 Kh8 20. Kd2 Ng8 21. b4 Nf6
22. c5 Nd7 23. Bc4 Bxc4 24. Qxc4 d5 25. Qc3 Rfc8 26. bxa5 Nf8 27. Rhb1 g6 28.
Rb6 h6 29. Rab1 Ra7 30. Qb4 g5 31. hxg5 hxg5 32. Ne2 Rc7 33. a6 bxa6 34. Qa5
Qd7 35. Nc3 Kg7 36. a4 Ng6 37. Rxa6 Rxa6 38. Qxa6 f4 39. gxf4 gxf4 40. Rg1
fxe3+ 41. fxe3 Ra7 42. Qe2 Qf7 43. Rf1 Qe6 44. Qh2 Qc8 45. Qd6 Rf7 46. Rxf7+
Kxf7 47. Qh2 Qa6 48. Qc7+ Ne7 49. Qf4+ Ke8 50. Kc2 Ng6 51. Qb8+ Kf7 52. Kb2 Ne7
53. Qb6 Qd3 54. a5 Qxe3 55. a6 Qxd4 56. a7 e3 57. a8=Q e2 58. Qbb8 e1=Q 59.
Qe8+ Ke6 60. Qac8+ Kf6 61. Qh8+ Kg5 62. Qxd4 Nxc8 63. Qg7+ Kf5 64. Qf8+ Kg6 65.
Qxc8 Qf2+ 66. Kb3 Qxc5 67. Qe6+ Kg7 68. Qe5+ Kf7 69. Ne2 Qc4+ 70. Kb2 Qb4+ 71.
Kc1 Qe4 72. Qc7+ Qe7 73. Qf4+ Qf6 74. Qg4 Qe6 75. Qh5+ Qg6 76. Qh3 Qe6 77. Qh7+
Ke8 78. Kd2 Qf6 79. Qb7 Kd8 80. Qa7 Qb2+ 81. Ke3 Qe5+ 82. Kf3 Qe4+ 83. Kf2 Qf5+
84. Kg2 Qe4+ 85. Kf2 Qf5+ 86. Ke3 Qe5+ 87. Kf2 Qf6+ 88. Ke1 Qe5 89. Qc5 Kd7 90.
Kd2 Qd6 91. Qa7+ Qc7 92. Qd4 Qd6 93. Nc3 Qh6+ 94. Kc2 Qg6+ 95. Kb3 Qg3 96. Qa7+
Qc7 97. Qf2 Qb8+ 98. Kc2 Qe5 99. Qa7+ Qc7 100. Qd4 Qh2+ 101. Kb1 Qh1+ 102. Ka2
Qh2+ 103. Ka3 Qd6+ 104. Kb3 Qb8+ 105. Kc2 Qh2+ 106. Kc1 Qh1+ 107. Kc2 Qh2+ 108.
Kb3 Qb8+ 109. Kc2 Qh2+ 110. Kd1 Qh1+ 111. Kd2 Qh2+ 112. Ne2 Qd6 113. Qg7+ Qe7
114. Qg4+ Qe6 115. Qa4 Qh6+ 116. Kc2 Qg6+ 117. Kc3 Qd6 118. Nd4 Qg3+ 119. Kb2
Qh2+ 120. Nc2 Qb8+ 1/2-1/2

[Event "Superliga 2011 M"]
[Site "Brasov/Rumania"]
[Date "2011.10.13"]
[Round "6.2"]
[White "Nevednichy, Vladislav"]
[Black "Posedaru, Bogdan"]
[Result "1-0"]
[WhiteElo "2540"]
[BlackElo "2322"]
[PlyCount "251"]
[EventDate "2011.??.??"]
[TimeControl "40/5400+30:1800+30"]

1. c4 e5 2. g3 g6 3. Bg2 Bg7 4. Nc3 Nc6 5. d3 d6 6. e4 h5 7. h4 Bg4 8. f3 Be6
9. Nge2 Nge7 10. Nd5 O-O 11. Be3 Nd4 12. Nxd4 exd4 13. Bg5 f6 14. Bd2 c6 15.
Nf4 Bd7 16. b4 Kh7 17. O-O c5 18. b5 a6 19. a4 Ra7 20. Qb3 b6 21. Bh3 f5 22.
Bg2 Be5 23. a5 axb5 24. cxb5 bxa5 25. Ne6 Bxe6 26. Qxe6 Bxg3 27. Bg5 Qc8 28.
Qxc8 Nxc8 29. f4 fxe4 30. Bxe4 Nb6 31. f5 gxf5 32. Rxf5 Rxf5 33. Bxf5+ Kg7 34.
Bd8 Rb7 35. Kg2 Be5 36. Rxa5 Bf6 37. Bxb6 Rxb6 38. Ra7+ Kf8 39. Ra8+ Kf7 40.
Ra7+ Kf8 41. Ra8+ Kf7 42. Ra7+ Be7 43. Bd7 Bxh4 44. Bc6+ Be7 45. Ra6 Rb8 46.
Kf3 h4 47. b6 Bd8 48. b7 Bc7 49. Kg4 Ke6 50. Kxh4 d5 51. Kg4 Ke5 52. Bd7 Bd6
53. Bc8 c4 54. Kf3 cxd3 55. Rb6 d2 56. Ke2 d1=Q+ 57. Kxd1 d3 58. Kd2 d4 59.
Rb5+ Ke4 60. Bf5+ Kf4 61. Bd7 Rd8 62. Bc8 Ke4 63. Bf5+ Kf4 64. Kxd3 Bb8 65. Be6
Re8 66. Rf5+ Kg3 67. Bf7 Rd8 68. Bd5 Kg4 69. Be4 Bf4 70. Rc5 Kg3 71. Bf5 Kf2
72. Be6 Re8 73. Rf5 Kg3 74. Kxd4 Bb8 75. Rf6 Re7 76. Rg6+ Kf4 77. Bd5 Ba7+ 78.
Kc4 Ke5 79. Bg2 Rc7+ 80. Kb3 Rc1 81. Ra6 Bb8 82. Ra8 Bd6 83. Re8+ Kf4 84. Kb2
Rg1 85. Bd5 Rg7 86. Kb3 Rg1 87. Kc2 Rg5 88. Bc4 Rg7 89. Ba6 Rg2+ 90. Kc3 Rg1
91. Bd3 Rg5 92. Re4+ Kf3 93. Re6 Bh2 94. Be4+ Kf2 95. Kc4 Rg8 96. Bd5 Rh8 97.
Rg6 Ke3 98. Re6+ Kf2 99. Rf6+ Ke3 100. Rf3+ Ke2 101. Rb3 Be5 102. Bf3+ Kf2 103.
Kd5 Bb8 104. Be4 Ke2 105. Rc3 Rd8+ 106. Kc5 Rd2 107. Bd5 Rb2 108. Bb3 Kd2 109.
Kc4 Ke1 110. Kb5 Kd2 111. Kc4 Ke1 112. Rc1+ Kf2 113. Rd1 Re2 114. Rd8 Bg3 115.
Rf8+ Ke1 116. b8=Q Bxb8 117. Rxb8 Kd2 118. Kd4 Kc1 119. Bc4 Rb2 120. Ra8 Rd2+
121. Bd3 Rh2 122. Ra1+ Kb2 123. Rb1+ Ka2 124. Kc3 Rh8 125. Rf1 Rh3 126. Rf5 1-0

[Event "Superliga 2011 M"]
[Site "Brasov/Rumania"]
[Date "2011.10.13"]
[Round "6.2"]
[White "Ionescu, Mihai"]
[Black "Berescu, Alin-Mile"]
[Result "0-1"]
[WhiteElo "2340"]
[BlackElo "2495"]
[PlyCount "86"]
[EventDate "2011.??.??"]
[TimeControl "40/5400+30:1800+30"]

1. Nf3 Nf6 2. c4 e6 3. g3 d5 4. Bg2 dxc4 5. Qa4+ c6 6. Qxc4 b5 7. Qc2 Bb7 8.
O-O Nbd7 9. Nc3 Qb6 10. d3 c5 11. a4 b4 12. a5 Qa6 13. Nb1 Be7 14. Nbd2 O-O 15.
Nc4 h6 16. Bd2 Rac8 17. Rfc1 Rfd8 18. h3 Nd5 19. Nfe5 Nxe5 20. Nxe5 Bf6 21. Nc4
Bd4 22. Rd1 Bc6 23. e3 Bf6 24. e4 Nc7 25. e5 Be7 26. Be3 Bd5 27. f4 Nb5 28. Kh2
Rc7 29. Bxd5 exd5 30. Nd2 c4 31. dxc4 dxc4 32. Nxc4 Rxd1 33. Rxd1 Na3 34. bxa3
Rxc4 35. Qa4 bxa3 36. Qe8+ Kh7 37. Qxf7 Rc2+ 38. Kg1 Qe2 39. Qf5+ Kh8 40. Rd8+
Bxd8 41. Qf8+ Kh7 42. Qf5+ Kg8 43. Qe6+ Kf8 0-1

[Event "Superliga 2011 M"]
[Site "Brasov/Rumania"]
[Date "2011.10.13"]
[Round "6.2"]
[White "Grunberg, Mihai-Lucian"]
[Black "Miroiu, George-Catalin"]
[Result "0-1"]
[WhiteElo "2420"]
[BlackElo "2281"]
[PlyCount "98"]
[EventDate "2011.??.??"]
[TimeControl "40/5400+30:1800+30"]

1. Nf3 Nf6 2. c4 c6 3. g3 d5 4. Bg2 g6 5. d4 Bg7 6. O-O O-O 7. Nbd2 Bf5 8. Nh4
Be6 9. Qb3 Qb6 10. c5 Qxb3 11. Nxb3 Nbd7 12. Bf4 h6 13. Nf3 g5 14. Be3 Ne4 15.
h4 g4 16. Nfd2 f5 17. Rfc1 Rfc8 18. Rc2 b6 19. cxb6 axb6 20. a3 Nxd2 21. Rxd2
Bf7 22. Rc1 Ra4 23. Rdc2 Rc4 24. f3 e5 25. dxe5 Nxe5 26. Nd2 Rxc2 27. Rxc2 c5
28. b4 gxf3 29. exf3 Bf8 30. Bf1 Re8 31. bxc5 bxc5 32. Bf4 c4 33. a4 Ng6 34.
Bc7 Bc5+ 35. Kg2 Rc8 36. Ba5 Ra8 37. Bc7 Ra7 38. Bd8 Rxa4 39. Bf6 Ra6 40. Bd8
Kf8 41. Nb3 Be3 42. Ba5 Ra8 43. Bb4+ Kg8 44. Na5 f4 45. h5 Ne5 46. g4 d4 47.
Nxc4 d3 48. Bxd3 Nxd3 49. Nxe3 fxe3 0-1

[Event "Superliga 2011 W"]
[Site "Brasov/Rumania"]
[Date "2011.10.13"]
[Round "6.2"]
[White "Baciu, Stefan"]
[Black "Dragomirescu, Robin-Alexandru"]
[Result "1/2-1/2"]
[WhiteElo "2217"]
[BlackElo "2353"]
[PlyCount "188"]
[EventDate "2011.??.??"]
[TimeControl "40/5400+30:1800+30"]

1. d4 Nf6 2. c4 g6 3. Nc3 Bg7 4. Nf3 O-O 5. h3 d6 6. g3 Nbd7 7. Bg2 e5 8. O-O
exd4 9. Nxd4 Nb6 10. b3 d5 11. c5 Nbd7 12. c6 Ne5 13. cxb7 Bxb7 14. Ba3 Re8 15.
Rc1 Rc8 16. Na4 Ne4 17. Nc5 Nxc5 18. Bxc5 Nd7 19. b4 Nxc5 20. bxc5 c6 21. Nb3
a5 22. e3 Ba6 23. Re1 a4 24. Nd4 Qa5 25. Bf1 Bxf1 26. Kxf1 Re4 27. Qd3 a3 28.
Rc3 Ra8 29. Rec1 Qa4 30. Rd1 h5 31. Kg2 Ra5 32. Rb3 Bf8 33. Rc1 Bxc5 34. Rb8+
Kg7 35. Nb3 Bd6 36. Nxa5 Bxb8 37. Nxc6 Qa8 38. Nxb8 Qxb8 39. Qxd5 Rxe3 40. Qd4+
Re5 41. Rc5 Qb7+ 42. Kh2 f6 43. Rxe5 fxe5 44. Qxe5+ Kh7 45. Qf6 Qd7 46. Qf8 Qa7
47. g4 Qc7+ 48. Kg2 hxg4 49. Qxa3 Qc6+ 50. Kh2 gxh3 51. Qxh3+ Kg7 52. Qg3 Qa4
53. a3 Qd4 54. Qc7+ Kh6 55. Qc1+ Kg7 56. Kg2 Qe4+ 57. Kg3 Qe5+ 58. Qf4 Qc3+ 59.
Qe3 Qc7+ 60. Kg2 Qc6+ 61. Qf3 Qc4 62. Qd1 Qc6+ 63. f3 g5 64. a4 Kh6 65. Qd4
Qc2+ 66. Kh3 Qc8+ 67. Qg4 Qa6 68. Qd4 Qf1+ 69. Kg3 Qe1+ 70. Kg2 Qe2+ 71. Qf2
Qa6 72. Qa2 Qa5 73. Qe6+ Kg7 74. Qd7+ Kh6 75. Qd4 Qa6 76. Qh8+ Kg6 77. Qg8+ Kh6
78. Qf8+ Kg6 79. Qe8+ Kh6 80. Qb5 Qd6 81. a5 Qd2+ 82. Kh3 Qe1 83. Qd5 Kh5 84.
Qf7+ Kh6 85. Qf6+ Kh5 86. Qh8+ Kg6 87. Qg8+ Kh6 88. Qf8+ Kh5 89. Qf7+ Kh6 90.
Kg4 Qh4+ 91. Kf5 Qf4+ 92. Ke6 Qc4+ 93. Kf6 Qf4+ 94. Ke6 Qc4+ 1/2-1/2

[Event "Superliga 2011 M"]
[Site "Brasov"]
[Date "2011.10.13"]
[Round "6.3"]
[White "Vajda, Levente"]
[Black "Suba, Mihai"]
[Result "1-0"]
[WhiteElo "2557"]
[BlackElo "2471"]
[Annotator "."]
[PlyCount "53"]
[EventDate "2011.10.08"]

1. e4 Nf6 2. e5 Nd5 3. d4 d6 4. Nf3 c6 5. c4 Nc7 6. Nc3 dxe5 7. Nxe5 Nd7 8.
Nxd7 Bxd7 9. Bf4 Ne6 10. Be3 g6 11. d5 Ng7 12. Bd4 f6 13. Ne4 Nf5 14. Bc3 cxd5
$11 15. cxd5 Qb6 16. h4 h5 17. Bc4 Bg7 18. Qd3 Kf7 19. O-O Rac8 20. Rfe1 Rhd8
21. Bb3 Kf8 22. d6 e5 23. Qd5 Nh6 24. Ba5 Qa6 25. Bxd8 Rxd8 26. Nc5 Qb6 27.
Rac1 1-0

[Event "Superliga 2011 M"]
[Site "Brasov"]
[Date "2011.10.13"]
[Round "6.3"]
[White "Baratosi, Daniel"]
[Black "Thesing, Matthias"]
[Result "1-0"]
[WhiteElo "2407"]
[BlackElo "2404"]
[PlyCount "77"]
[EventDate "2011.10.08"]

1. e4 c5 2. Nf3 e6 3. d4 cxd4 4. Nxd4 a6 5. Nc3 Qc7 6. g3 Nf6 7. Bg2 Bb4 8. Bd2
Nc6 9. Nb3 Be7 10. a4 b6 11. f4 d6 12. O-O Bb7 13. g4 h6 14. Qe2 Nd7 15. Be3 g5
16. f5 Nde5 17. h3 O-O-O 18. a5 Nxa5 19. Nxa5 bxa5 20. f6 Bf8 21. Na4 h5 22.
gxh5 Bh6 23. Ra3 Kd7 24. Bb6 Qc4 25. Qd1 Bc6 26. Nc5+ Kc8 27. Nd3 Rd7 28. Qe1
Rb7 29. Qxa5 Qb5 30. Nxe5 dxe5 31. Bf2 Qxa5 32. Rxa5 Rxb2 33. Rxa6 Bb7 34. Rd6
Bf8 35. Rb6 Rxc2 36. Rfb1 Rxf2 37. Rc1+ Kb8 38. Kxf2 Ka7 39. Rb2 1-0

[Event "Superliga 2011 M"]
[Site "Brasov"]
[Date "2011.10.13"]
[Round "6.3"]
[White "Busu, Corneliu"]
[Black "Cioara, Andrei-Nestor"]
[Result "1/2-1/2"]
[WhiteElo "2275"]
[BlackElo "2436"]
[Annotator "."]
[PlyCount "82"]
[EventDate "2011.10.08"]

1. d4 e6 2. c4 Nf6 3. Nc3 Bb4 4. Bg5 h6 5. Bxf6 Qxf6 6. Nf3 Bxc3+ 7. bxc3 d6 8.
e3 O-O 9. Be2 b6 10. O-O Bb7 11. Nd2 c5 12. Bf3 Bxf3 13. Qxf3 $11 Qxf3 14. Nxf3
Nc6 15. Nd2 Na5 16. d5 f5 17. f3 Rae8 18. e4 g6 19. Rae1 e5 20. a4 Kg7 21. g3
h5 22. h3 Re7 23. Kg2 Kh6 24. Re2 h4 25. g4 Kg5 26. gxf5 gxf5 27. Kh2 Rg7 28.
Rg1+ Kh6 29. Rxg7 Kxg7 30. exf5 Rxf5 31. Re4 Rf4 32. Kg2 Kg6 $11 33. Kf2 Kf5
34. Ke3 Nb7 35. Rxf4+ $11 exf4+ 36. Kd3 Nd8 37. Ne4 Nf7 38. Ke2 Ke5 39. Kd2 Kf5
40. Ke2 Ke5 41. Kd2 Kf5 1/2-1/2

[Event "Superliga 2011 M"]
[Site "Brasov"]
[Date "2011.10.13"]
[Round "6.3"]
[White "Horvat, Dan-Sebastian"]
[Black "Manole, Stefan"]
[Result "0-1"]
[WhiteElo "2196"]
[BlackElo "2052"]
[Annotator "."]
[PlyCount "74"]
[EventDate "2011.10.08"]

1. e4 c6 2. c4 d5 3. cxd5 cxd5 4. exd5 Nf6 5. Nc3 Nxd5 6. Nf3 Nc6 7. Bb5 Ndb4
8. O-O a6 9. Ba4 Bg4 10. d4 b5 11. Bb3 e6 12. d5 Bxf3 13. Qxf3 Nd4 $11 14. Qe4
Nxb3 15. axb3 Bc5 16. dxe6 O-O 17. exf7+ Rxf7 18. Bg5 Qf8 19. Be3 Rd8 20. Rae1
Nd3 21. Re2 Bxe3 22. Qxe3 Nf4 23. Rd2 Re8 24. Ne4 Rfe7 25. f3 h5 26. Rfd1 Qf7
27. Rd6 h4 28. h3 Re5 29. Rd7 Qf5 30. R1d6 Rxe4 31. fxe4 Rxe4 32. Rd8+ Kh7 33.
Qf2 Ne2+ 34. Kf1 Ng3+ 35. Kg1 Rf4 36. Rd2 Rxf2 37. Rxf2 Qb1+ 0-1

[Event "Superliga 2011 M"]
[Site "Brasov/Rumania"]
[Date "2011.10.13"]
[Round "6.4"]
[White "Nisipeanu, Liviu-Dieter"]
[Black "Manea, Alexandru"]
[Result "1-0"]
[WhiteElo "2638"]
[BlackElo "2415"]
[PlyCount "47"]
[EventDate "2011.??.??"]
[TimeControl "40/5400+30:1800+30"]

1. d4 d5 2. c4 c6 3. Nf3 Nf6 4. Nc3 a6 5. e3 b5 6. c5 Nbd7 7. a3 e5 8. dxe5 Ne4
9. e6 fxe6 10. Nxe4 dxe4 11. Nd4 Nxc5 12. b4 Nd7 13. Bb2 Nf6 14. Qc2 c5 15.
bxc5 Qc7 16. Nb3 e5 17. a4 Rb8 18. axb5 axb5 19. Qc3 Bd7 20. Qxe5+ Qxe5 21.
Bxe5 Rc8 22. Bd4 Be7 23. Ra7 Bd8 24. Rb7 1-0

[Event "Superliga 2011 M"]
[Site "Brasov/Rumania"]
[Date "2011.10.13"]
[Round "6.4"]
[White "Genov, Petar"]
[Black "Iordachescu, Viorel"]
[Result "0-1"]
[WhiteElo "2447"]
[BlackElo "2646"]
[PlyCount "88"]
[EventDate "2011.??.??"]
[TimeControl "40/5400+30:1800+30"]

1. d4 Nf6 2. c4 e6 3. Nf3 b6 4. g3 Ba6 5. b3 b5 6. cxb5 Bxb5 7. Bg2 d5 8. O-O
Nbd7 9. Nc3 Ba6 10. Re1 Bd6 11. Bb2 O-O 12. Rc1 Rc8 13. e4 dxe4 14. Nxe4 Nxe4
15. Rxe4 Nf6 16. Re1 Bb4 17. Re5 Nd5 18. a3 Bd6 19. Re1 Bb7 20. Nd2 Rb8 21. Nc4
Ne7 22. Bxb7 Rxb7 23. b4 Rb5 24. Qe2 a6 25. Red1 Qa8 26. Bc3 Nf5 27. a4 Rd5 28.
Rb1 Qc6 29. Qa2 h5 30. Qb3 Rb8 31. Ne5 Bxe5 32. dxe5 Rbd8 33. Rxd5 Rxd5 34. b5
axb5 35. axb5 Qd7 36. h4 Rc5 37. Ba1 Qd2 38. Rf1 Qe2 39. b6 cxb6 40. Qxb6 Rd5
41. Qb8+ Kh7 42. Qb1 Rd3 43. Qe1 Qf3 44. Qb1 g6 0-1

[Event "Superliga 2011 M"]
[Site "Brasov/Rumania"]
[Date "2011.10.13"]
[Round "6.4"]
[White "Marin, Mihail"]
[Black "Grecescu, Gabriel-Andrei"]
[Result "1-0"]
[WhiteElo "2550"]
[BlackElo "2423"]
[PlyCount "79"]
[EventDate "2011.??.??"]
[TimeControl "40/5400+30:1800+30"]

1. d4 Nf6 2. Nf3 e6 3. e3 b6 4. Bd3 Bb7 5. O-O d5 6. b3 Bd6 7. Bb2 O-O 8. c4
Qe7 9. Nc3 a6 10. Rc1 Nbd7 11. Na4 dxc4 12. bxc4 e5 13. c5 e4 14. cxd6 Qxd6 15.
Ne5 exd3 16. Nxd3 Rac8 17. f3 Nd5 18. Re1 Rfe8 19. e4 Nb4 20. Nxb4 Qxb4 21. Bc3
Qd6 22. d5 b5 23. Qd4 f6 24. Bb4 Qe5 25. Qxe5 Nxe5 26. Nc5 Ba8 27. Red1 Nc4 28.
Nxa6 f5 29. Nc5 fxe4 30. fxe4 Rcd8 31. Be1 h6 32. Bg3 Re7 33. a4 Nb2 34. Rd4
Nxa4 35. Nxa4 bxa4 36. Rxc7 Rxc7 37. Bxc7 Rd7 38. Bb6 Bb7 39. Rxa4 Kf7 40. Kf2
1-0

[Event "Superliga 2011 M"]
[Site "Brasov/Rumania"]
[Date "2011.10.13"]
[Round "6.4"]
[White "Bonte, Andrei-Mihai"]
[Black "Miron, Lucian-Costin"]
[Result "1-0"]
[WhiteElo "2364"]
[BlackElo "2514"]
[PlyCount "91"]
[EventDate "2011.??.??"]
[TimeControl "40/5400+30:1800+30"]

1. e4 e5 2. Nf3 Nc6 3. d4 exd4 4. Nxd4 Nf6 5. Nc3 Bb4 6. Nxc6 bxc6 7. Bd3 d5 8.
exd5 O-O 9. O-O cxd5 10. Bg5 c6 11. Qf3 Be7 12. Rfe1 Rb8 13. Na4 h6 14. Bf4 Rb4
15. b3 Bg4 16. Qe3 Re8 17. Be5 Be6 18. Qxa7 Ng4 19. Bc7 Qd7 20. Nb6 Bc5 21.
Nxd7 Bxa7 22. Ne5 Bxf2+ 23. Kf1 Bxe1 24. Rxe1 Rb7 25. Bd6 Nxe5 26. Rxe5 Ra8 27.
a4 Ra5 28. Ke1 c5 29. Bb5 Bd7 30. Re7 Raa7 31. Rxd7 Rxd7 32. Bxd7 Rxd7 33. Bxc5
f5 34. b4 Rd8 35. Kd2 Kf7 36. a5 Ra8 37. Kc3 Ke6 38. Kb3 g5 39. Ka4 f4 40. b5
Kd7 41. a6 g4 42. Ka5 Kc7 43. Bb6+ Kd6 44. Bd4 f3 45. gxf3 gxf3 46. a7 1-0